<?xml version="1.0" encoding="UTF-8"?><?xml-stylesheet type="text/xsl" href="static/style.xsl"?><OAI-PMH xmlns="http://www.openarchives.org/OAI/2.0/" xmlns:xsi="http://www.w3.org/2001/XMLSchema-instance" xsi:schemaLocation="http://www.openarchives.org/OAI/2.0/ http://www.openarchives.org/OAI/2.0/OAI-PMH.xsd"><responseDate>2026-06-05T15:00:10Z</responseDate><request verb="GetRecord" identifier="oai:riuma.uma.es:10630/26135" metadataPrefix="marc">https://riuma.uma.es/rest/oai/request</request><GetRecord><record><header><identifier>oai:riuma.uma.es:10630/26135</identifier><datestamp>2026-02-03T12:25:00Z</datestamp><setSpec>com_10630_2254</setSpec><setSpec>col_10630_37959</setSpec></header><metadata><record xmlns="http://www.loc.gov/MARC21/slim" xmlns:dcterms="http://purl.org/dc/terms/" xmlns:doc="http://www.lyncode.com/xoai" xmlns:xsi="http://www.w3.org/2001/XMLSchema-instance" xsi:schemaLocation="http://www.loc.gov/MARC21/slim http://www.loc.gov/standards/marcxml/schema/MARC21slim.xsd">
   <leader>00925njm 22002777a 4500</leader>
   <datafield ind2=" " ind1=" " tag="042">
      <subfield code="a">dc</subfield>
   </datafield>
   <datafield ind2=" " ind1=" " tag="720">
      <subfield code="a">Cabello-Porras, María Rosario</subfield>
      <subfield code="e">author</subfield>
   </datafield>
   <datafield ind2=" " ind1=" " tag="720">
      <subfield code="a">Pavía-Molina, José</subfield>
      <subfield code="e">author</subfield>
   </datafield>
   <datafield ind2=" " ind1=" " tag="720">
      <subfield code="a">Leyva-Fernández, Laura</subfield>
      <subfield code="e">author</subfield>
   </datafield>
   <datafield ind2=" " ind1=" " tag="720">
      <subfield code="a">Martín-Montañez, Elisa</subfield>
      <subfield code="e">author</subfield>
   </datafield>
   <datafield ind2=" " ind1=" " tag="260">
      <subfield code="c">2023-01-25</subfield>
   </datafield>
   <datafield ind2=" " ind1=" " tag="520">
      <subfield code="a">Proyecto de Aprendizaje-Servicio (ApS) en la asignatura obligatoria General&#xd;
Pharmacology del grado en Medicina con la Asociación de Familiares de Enfermos de&#xd;
Alzheimer-Mijas. Se revisaron fichas de tratamiento de pacientes, proporcionando&#xd;
información de interés para su personal sanitario.&#xd;
Valoramos el impacto de la experiencia en los estudiantes sobre los resultados de&#xd;
aprendizaje. Al finalizar cumplimentaron una encuesta para analizar las actitudes,&#xd;
aptitudes y competencias adquiridas utilizando la autoevaluación, coevaluación y&#xd;
evaluación. Han participado 25 alumnos completando 21 fichas. 7 de ellos, responsables&#xd;
directos de revisión, diseño y ejecución del proyecto, además de la evaluación delimpacto&#xd;
en su aprendizaje.&#xd;
Los alumnos refirieron la adquisición de 8 competencias específicas de área, de un total&#xd;
de 13 (61,5%) p.ej. valorar riesgo/beneficio de los fármacos, evaluar y cuantificar&#xd;
interacciones entre fármacos y saber utilizar herramientas para la búsqueda de&#xd;
información científica. El 87,5% (21/24) de las competencias transversales de la&#xd;
Programación Docente, entre las que podemos destacar trabajo en equipo, liderazgo,&#xd;
capacidad de investigación, gestión de la información, desarrollo de la capacidad de&#xd;
análisis y crítica ante cuestiones profesionales y sociales. El aprendizaje y motivación del&#xd;
alumnado se vio potenciado debido a que era necesario manejar diferentes grupos&#xd;
terapéuticos principalmente fármacos activos sobre el sistema nervioso central como&#xd;
antipsicóticos, antidepresivos y tratamiento del Alzheimer; hipoglucemiantes y estatinas,&#xd;
entre otros. Por último, el alumnado refirió una importante adquisición de valores, como&#xd;
empatía, compasión y solidaridad.&#xd;
Este proyecto muestra la utilidad de incluir metodologías docentes como ApS para&#xd;
fomentar el aprendizaje de contenidos, competencias específicas, transversales y la&#xd;
adquisición de valores.</subfield>
   </datafield>
   <datafield ind1="8" ind2=" " tag="024">
      <subfield code="a">Aprendizaje- servicio universitario en el grado de Medicina</subfield>
   </datafield>
   <datafield ind1="8" ind2=" " tag="024">
      <subfield code="a">https://hdl.handle.net/10630/26135</subfield>
   </datafield>
   <datafield tag="653" ind2=" " ind1=" ">
      <subfield code="a">Farmacología - Enseñanza</subfield>
   </datafield>
   <datafield ind2="0" ind1="0" tag="245">
      <subfield code="a">Impacto del aprendizaje-servicio en el estudiantado de Farmacología General en la Universidad de Málaga</subfield>
   </datafield>
</record>
</metadata></record></GetRecord></OAI-PMH>